01477 a2200217 45000010006000000050017000060080041000230030015000640400040000790800052001192450037001710200022002082640033002303000019002635050747002821000018010297000031010477000029010787000018011078560134011252120820260407155503.0260407a2011 arg spa dAR-UNSa-BCEJYS aAR-UNSa-BCEJYSbspacAR-UNSa-BCEJYS a342xDerecho constitucional (Derecho Público)10aManual de derecho constitucional a978-987-551-193-4 1aCórdoba :bAdvocatusc2011 a617 p.c22 cm. a1. El constitucionalismo. El derecho constitucional - 2. La Constitución - 3. Antecedentes históricos. Reforma constitucional - 4. La Constitución Argentina - 5. Supremacía constitucional - 6. El estado federal argentino I - 7. El estado federal argentino II - 8. Derecho constitucional y relaciones internacionales - 9. Declaraciones, derecho y garantías - 10. Derechos constitucionales - 11. Derechos constitucionales - 12. Derechos constitucionales - 13. Los nuevos derechos en la Constitución - 14. Garantías constitucionales - 15. Limitaciones a los derechos y garantías - 16. La forma de gobierno en la Constitución - 17. El poder legislativo - 18. El Poder Ejecutivo - 19. El Poder Judicial - 20. El Poder Judicial II1 aHaro, Ricardo1 aCantaberta, María José1 aJuárez Centeno, Carlos1 aZanatta, Hugo41uhttps://biblioeco.unsa.edu.ar/pmb/images/libros/Manual de Derecho Constitucional(ricardo haro).jpgyImagen de portadaqimage/jpeg